[Event "Bundesliga 0102"]
[Site "?"]
[Date "2002.04.13"]
[Round "12.8"]
[White "Brendel Oliver"]
[Black "Hector Jonny"]
[Result "0-1"]
[WhiteElo "2376"]
[BlackElo "2552"]
[PlyCount "46"]
[EventDate "2002.??.??"]
[Source "www.chesslib.no"]
[SourceDate "2004.05.04"]

1. e4 e5 2. Nf3 Nc6 3. Bb5 Bc5 4. O-O d6 5. c3 Bd7 6. d4 Bb6 7. Bxc6 Bxc6 8. dxe5 dxe5 9. Nxe5 Qxd1 10. Rxd1 Bxe4 11. Re1 f5 12. Be3 Bxe3 13. Rxe3 O-O-O 14. Na3 Nh6 15. f3 Rhe8 16. Nec4 Bc6 17. Rae1 Rxe3 18. Rxe3 f4 19. Re7 Nf5 20. Rf7 Bd7 21. Nc2 Be6 22. Rxf5 Rd1+ 23. Kf2 Bxf5 0-1

[Event "NLD-chT9697"]
[Site "Holland"]
[Date "1996.??.??"]
[Round "7"]
[White "Van der Weide, Karel"]
[Black "Rogers, Ian"]
[Result "0-1"]
[WhiteElo "2345"]
[BlackElo "2580"]
[PlyCount "32"]
[EventDate "1996.??.??"]
[Source "www.chesslib.no"]
[SourceDate "2004.05.04"]

1. e4 Nc6 2. Bb5 e5 3. Nf3 Bc5 4. O-O Qf6 5. c3 Nge7 6. b4 Bb6 7. Bb2 O-O 8. d4 exd4 9. cxd4 d5 10. e5 Qh6 11. a3 Bg4 12. Be2 Nf5 13. Nbd2 Nfxd4 14. Bxd4 Nxd4 15. Nxd4 Bxd4 16. Rc1 Bxe5 0-1

[Event "Politiken Cup"]
[Site "Copenhagen"]
[Date "1998.07.07"]
[Round "4"]
[White "Gormally, Daniel"]
[Black "Hector, Jonny"]
[Result "1/2-1/2"]
[WhiteElo "2415"]
[BlackElo "2505"]
[PlyCount "57"]
[EventDate "1998.07.04"]
[Source "ChessBase"]
[SourceDate "1998.09.09"]

1. e4 e5 2. Nf3 Nc6 3. Bb5 Bc5 4. O-O Nd4 5. Nxd4 exd4 6. d3 c6 7. Ba4 Ne7 8. c3 O-O 9. Nd2 d5 10. Nb3 Bb6 11. Nxd4 Bxd4 12. cxd4 Qb6 13. Bb3 Qxd4 14. Qe2 dxe4 15. dxe4 Ng6 16. Qe3 Qxe3 17. Bxe3 Re8 18. Rad1 Nf8 19. f3 Be6 20. Bxe6 Rxe6 21. Bc5 f6 22. Rd2 b6 23. Bxf8 Rxf8 24. Rd7 f5 25. exf5 Rxf5 26. Rfd1 Rf7 27. Rd8+ Rf8 28. R8d7 Rf7 29. Rd8+ 1/2-1/2

[Event "Kladovo"]
[Site "?"]
[Date "1980.04.18"]
[Round "9"]
[White "Popovic Petar"]
[Black "Wedberg Tom"]
[Result "1-0"]
[WhiteElo "2490"]
[BlackElo "2425"]
[PlyCount "85"]
[EventDate "1980.??.??"]
[Source "www.chesslib.no"]
[SourceDate "2004.05.04"]

1. e4 e5 2. Nf3 Nc6 3. Bb5 Bc5 4. O-O Nd4 5. Nxd4 Bxd4 6. c3 Bb6 7. d4 c6 8. Be2 d6 9. dxe5 dxe5 10. Qc2 Nf6 11. Na3 Be6 12. Nc4 Bxc4 13. Bxc4 Ng4 14. h3 h5 15. g3 h4 16. Kg2 hxg3 17. fxg3 Nf6 18. Rf5 Qe7 19. Qd3 Rd8 20. Qe2 Kd7 21. Bg5 Kc8 22. Raf1 Rd6 23. h4 Qd7 24. b4 a6 25. a4 Kb8 26. a5 Bc7 27. Qf3 Bd8 28. Rxe5 Ng4 29. Rf5 Bxg5 30. Qxg4 Bf6 31. Qf4 Ka8 32. e5 Rd2+ 33. Kh1 Bxh4 34. gxh4 Qe7 35. Rg5 Rc2 36. Bxf7 Rxc3 37. Kg2 Qd7 38. e6 Qd3 39. e7 Qh3+ 40. Kf2 Rc2+ 41. Kg1 Rxh4 42. e8=Q+ Ka7 43. Qfb8# 1-0